000 00448nam a2200193Ia 4500
005 20250603145043.0
008 250603s9999 xx 000 0 und d
020 _a0954468600
050 _aHD 1393.5 .B45/
100 _aBelo, M. A.
245 0 _aGuide to plant & machinery valuation
250 _a2nd ed.
260 _aLondon
260 _bArmitage Books-Guru PR
260 _c2003
300 _a323 p
650 _aLondon
942 _cBK
999 _c40735
_d40735